[Event "London Classic Open 2017"]
[Site "London ENG"]
[Date "2017.12.08"]
[Round "8.119"]
[White "Cheung, Ryan"]
[Black "Robinson, James"]
[Result "0-1"]
[WhiteElo "1610"]
[BlackElo "1754"]
[WhiteFideId "1804995"]
[BlackFideId "426784"]
[EventDate "2017.12.02"]

1. d4 d5 2. c4 c6 3. Nc3 f5 4. g3 e6 5. Bg2 Nf6 6. cxd5 cxd5 7. Nf3 Nc6 8. O-O
Bd6 9. a3 O-O 10. b4 b6 11. Nb5 Bb8 12. Qc2 Bb7 13. Nc3 Qe7 14. Re1 Rc8 15. Qd3
h6 16. h4 Ne4 17. Bf4 Bxf4 18. gxf4 Nxb4 19. axb4 Rxc3 20. Qd1 Qxb4 21. Ne5 Qe7
22. Ng6 Qc7 23. e3 Nf6 24. Qd2 a6 25. Rec1 Rc8 26. Ne7+ Qxe7 27. Rxc3 Rd8 28.
Qc2 Rd7 29. f3 Ne8 30. Bf1 b5 31. Qf2 Nd6 32. Bd3 Nc4 33. Rc2 Rc7 34. Qe1 Kf7
35. h5 Qf6 36. Rg2 Ke8 37. Rg6 Qe7 38. Ra2 Kf8 39. Rag2 Qa3 40. Qd1 Nxe3 0-1

[Event "London Classic Open 2017"]
[Site "London ENG"]
[Date "2017.12.08"]
[Round "8.120"]
[White "Lee, Chulwoo"]
[Black "Fuglesang, Michael W."]
[Result "0-1"]
[WhiteElo "1607"]
[BlackElo "1739"]
[WhiteFideId "34117277"]
[BlackFideId "1525077"]
[EventDate "2017.12.02"]

1. e4 c5 2. Nf3 Nc6 3. Nc3 e5 4. Bc4 Be7 5. d3 Nf6 6. a3 d6 7. h3 Be6 8. Nd5
Bxd5 9. exd5 Nd4 10. O-O O-O 11. c3 Nxf3+ 12. Qxf3 Qb6 13. b4 Nd7 14. Kh1 f5 15.
Qg3 Rac8 16. f4 e4 17. Bb2 cxb4 18. cxb4 Bf6 19. Rab1 Bxb2 20. Rxb2 Qd4 21. Re2
Nb6 22. Bb3 Rc3 23. Bc2 exd3 24. Bxd3 Rxd3 25. Qg5 Rd1 26. Rfe1 Nxd5 27. Qg3
Rxe1+ 28. Qxe1 Nxf4 29. Re7 Qd5 30. Qg3 Ng6 31. Rd7 f4 32. Qc3 Ne5 33. Rc7 f3
34. gxf3 Rxf3 0-1

[Event "London Classic Open 2017"]
[Site "London ENG"]
[Date "2017.12.08"]
[Round "8.122"]
[White "Rushbrooke, Tibo"]
[Black "De Lagontrie, Jean"]
[Result "1-0"]
[WhiteElo "1570"]
[BlackElo "1823"]
[WhiteFideId "433900"]
[BlackFideId "605271"]
[EventDate "2017.12.02"]

1. e4 c5 2. f4 g6 3. Nf3 Nc6 4. Bb5 Bg7 5. O-O e6 6. Bxc6 bxc6 7. c4 Nh6 8. d3
d6 9. Nc3 O-O 10. h3 f5 11. e5 d5 12. Na4 Qe7 13. b3 dxc4 14. dxc4 Rd8 15. Qc2
Nf7 16. Be3 Bf8 17. Bxc5 Qe8 18. Rad1 Ba6 19. Bxf8 Qxf8 20. Nd4 Qe8 21. Nc5 Bc8
22. Qf2 a5 23. Qh4 Ra7 24. Qf6 Rxd4 25. Rxd4 Qe7 26. Qxe7 Rxe7 27. Rfd1 Kg7 28.
Nd7 1-0

[Event "London Classic Open 2017"]
[Site "London ENG"]
[Date "2017.12.08"]
[Round "8.123"]
[White "Perez Bolanos, Joel"]
[Black "Ainsworth, George"]
[Result "1-0"]
[WhiteElo "1519"]
[BlackElo "1734"]
[WhiteFideId "24564419"]
[BlackFideId "449636"]
[EventDate "2017.12.02"]

1. d4 c6 2. e4 d5 3. e5 Bf5 4. h4 h5 5. Bd3 Bxd3 6. Qxd3 e6 7. Nc3 Nd7 8. f4 Nh6
9. Nce2 Be7 10. Nf3 Nf5 11. Ng5 c5 12. Be3 Rc8 13. O-O c4 14. Qd2 Nxh4 15. Ng3
g6 16. f5 Nxf5 17. Nxf5 gxf5 18. Rxf5 exf5 19. e6 fxe6 20. Nxe6 Qb6 21. Ng7+ Kd8
22. Nxf5 Bf6 23. Re1 c3 24. bxc3 Qc6 25. Qf2 Re8 26. Qg3 Qe6 27. Nd6 Rg8 28.
Nxb7+ Ke7 29. Bg5 Rxg5 30. Rxe6+ 1-0

[Event "London Classic Open 2017"]
[Site "London ENG"]
[Date "2017.12.08"]
[Round "8.124"]
[White "Cotter, Len"]
[Black "Hung, Dylan"]
[Result "1-0"]
[WhiteElo "1700"]
[BlackElo "1400"]
[WhiteFideId "431419"]
[BlackFideId "426423"]
[EventDate "2017.12.02"]

1. d4 d5 2. Nf3 Nf6 3. c4 c6 4. Nc3 e6 5. g3 Nbd7 6. Bg2 Be7 7. O-O O-O 8. b3 b6
9. Qc2 Bb7 10. Bb2 Rc8 11. e3 c5 12. Ne2 b5 13. Nd2 Ba6 14. cxd5 cxd4 15. Qd3
dxe3 16. fxe3 Nc5 17. Qd4 exd5 18. Nf4 Ne6 19. Nxe6 fxe6 20. b4 Qd7 21. a3 Bd6
22. Nf3 Ra8 23. Ng5 e5 24. Bxd5+ Kh8 25. Qd3 e4 26. Bxe4 Nxe4 27. Qxe4 Qe7 28.
Qxh7# 1-0

[Event "London Classic Open 2017"]
[Site "London ENG"]
[Date "2017.12.08"]
[Round "8.125"]
[White "Lie, Terje"]
[Black "Thatte, Nandinee"]
[Result "1-0"]
[WhiteElo "1527"]
[BlackElo "1257"]
[WhiteFideId "1504916"]
[BlackFideId "64300625"]
[EventDate "2017.12.02"]

1. d4 Nf6 2. c4 g6 3. Nc3 Bg7 4. Nf3 O-O 5. Bg5 d6 6. Qc1 Re8 7. e4 e5 8. d5
Nbd7 9. b4 c6 10. Bd3 a5 11. a3 Qb6 12. Rb1 Qc7 13. O-O Nb6 14. Rd1 Bg4 15. Qe3
cxd5 16. Nxd5 Nbxd5 17. cxd5 axb4 18. Rdc1 Qd7 19. axb4 Rec8 20. Ne1 Qe8 21. b5
Qd8 22. b6 Rxc1 23. Qxc1 Qc8 24. Qb2 Qc5 25. Be3 Qc8 26. f3 Bd7 27. Bb5 Bxb5 28.
Qxb5 Qd7 29. Qb2 Nh5 30. Rc1 Nf4 31. Rc7 Qa4 32. Rxb7 Qa3 33. Qd2 Qa5 34. g3
Qxd2 35. Bxd2 Ne2+ 36. Kf2 Nd4 37. Ra7 Rb8 38. b7 Rf8 39. Ra8 Nb5 40. Rxf8+ Kxf8
41. b8=Q+ Ke7 42. Bb4 Bf8 43. Qxb5 Kf6 44. h4 g5 45. h5 Kg7 46. Qd7 h6 47. Bxd6
Bxd6 48. Qxd6 Kh7 49. Qxe5 Kg8 50. Qf6 Kh7 51. Qxf7+ Kh8 52. Qa7 g4 53. d6 gxf3
54. d7 Kg8 55. d8=R# 1-0

[Event "London Classic Open 2017"]
[Site "London ENG"]
[Date "2017.12.09"]
[Round "9.2"]
[White "Sargissian, Gabriel"]
[Black "Hawkins, Jonathan"]
[Result "1-0"]
[WhiteTitle "GM"]
[BlackTitle "GM"]
[WhiteElo "2672"]
[BlackElo "2579"]
[WhiteFideId "13300881"]
[BlackFideId "412686"]
[EventDate "2017.12.02"]

1. c4 Nf6 2. Nf3 e6 3. g3 d5 4. Bg2 Be7 5. d4 O-O 6. O-O dxc4 7. Ne5 Nc6 8. Nxc6
bxc6 9. Na3 Bxa3 10. bxa3 Ba6 11. Qd2 Rb8 12. Rd1 Rb6 13. a4 Qe7 14. Qc3 Nd5 15.
Bxd5 exd5 16. Ba3 Qxe2 17. Bxf8 Kxf8 18. Re1 Qd3 19. Qc1 Qf3 20. Rb1 h6 21. a5
Rb5 22. a4 Rb3 23. Re3 Rxe3 24. Qxe3 Qxe3 25. fxe3 Ke7 26. Kf2 Kd6 27. Ke1 c5
28. Kd2 Bc8 29. Rb8 Bd7 30. a6 cxd4 31. exd4 c5 32. Kc3 Bc6 33. g4 g6 34. a5 1-0

[Event "London Classic Open 2017"]
[Site "London ENG"]
[Date "2017.12.09"]
[Round "9.3"]
[White "Donchenko, Alexander"]
[Black "Nabaty, Tamir"]
[Result "1/2-1/2"]
[WhiteTitle "GM"]
[BlackTitle "GM"]
[WhiteElo "2569"]
[BlackElo "2657"]
[WhiteFideId "24603295"]
[BlackFideId "2809052"]
[EventDate "2017.12.02"]

1. c4 e6 2. g3 d5 3. Bg2 dxc4 4. Qa4+ c6 5. Qxc4 c5 6. Nf3 Nc6 7. b3 Bd7 8. Bb2
Rc8 9. O-O Nf6 10. Ne5 Be7 11. Nxd7 Qxd7 12. Qf4 O-O 13. d3 Rfd8 14. Nc3 Nd4 15.
Qd2 b5 16. Rac1 c4 17. bxc4 bxc4 18. Rfd1 Bb4 19. Qe3 Ng4 20. Qd2 Ne5 21. Qe3
cxd3 22. exd3 Ng4 23. Qe4 Nf6 24. Qe3 Ng4 25. Qe4 f5 26. Qe1 Rc5 27. h3 Re5 28.
Qf1 Bxc3 29. Bxc3 Ne2+ 30. Kh1 Nxc3 31. Rxc3 Qd4 32. Rc2 Rc5 33. Rdd2 Rxc2 34.
Rxc2 Ne5 35. Qe2 Qxd3 36. f4 Nf7 37. Qxd3 Rxd3 38. Rc8+ Nd8 39. Bf1 Rd1 40. Kg2
Kf8 41. Ra8 a5 1/2-1/2

[Event "London Classic Open 2017"]
[Site "London ENG"]
[Date "2017.12.09"]
[Round "9.4"]
[White "Vo, Thi Kim Phung"]
[Black "Maze, Sebastien"]
[Result "0-1"]
[WhiteTitle "WGM"]
[BlackTitle "GM"]
[WhiteElo "2380"]
[BlackElo "2614"]
[WhiteFideId "12401838"]
[BlackFideId "613762"]
[EventDate "2017.12.02"]

1. d4 Nf6 2. c4 d6 3. Nf3 g6 4. Nc3 Bg7 5. e4 O-O 6. Be2 Nbd7 7. O-O e5 8. Re1
Re8 9. Bf1 a6 10. dxe5 dxe5 11. Be3 Bf8 12. Qd2 Ng4 13. Bg5 f6 14. Bh4 c6 15. h3
Nh6 16. Rad1 Qe7 17. a3 a5 18. Na4 Nf7 19. Qc2 g5 20. Bg3 Nc5 21. Nd2 Nxa4 22.
Qxa4 Qc7 23. Qc2 a4 24. Be2 Bc5 25. Nf1 Be6 26. Nh2 Kg7 27. Bg4 Qe7 28. Qe2 Nd6
29. Rc1 Red8 30. Bxe6 Qxe6 31. Kh1 Kg6 32. f3 h5 33. Rf1 b6 34. Bf2 Nb7 35. Be1
Rd4 36. Bf2 Rd7 37. Be1 Qd6 38. Bc3 Qd3 39. Qe1 Qe3 40. Qg3 Qf4 41. Qe1 Rad8 42.
Rc2 Qe3 43. Re2 Qd3 44. h4 Qxc4 45. Rc2 Qb3 46. Rc1 Qe6 47. Qg3 Be3 48. Rb1 Bf4
49. Qf2 Nc5 50. hxg5 fxg5 51. Qg1 Rd3 52. Rfd1 Rxd1 53. Rxd1 Rxd1 54. Qxd1 Qd7
55. Qxd7 Nxd7 56. Nf1 b5 57. Kg1 Nb6 58. Nd2 g4 59. fxg4 hxg4 60. Kf2 Nc8 61.
Ke2 Kf6 62. Bb4 Ke6 63. Kd3 Nb6 64. Nf1 Nc4 65. Kc2 Kf6 66. Bc5 g3 67. b3 axb3+
68. Kxb3 Na5+ 69. Kb4 Nb7 70. Bf8 Ke6 71. a4 bxa4 72. Kxa4 Nd6 73. Kb3 Nxe4 74.
Kc4 Nd6+ 75. Kc5 Nf5 76. Kxc6 e4 77. Bb4 e3 78. Nxe3 Bxe3 79. Be1 Bf2 80. Ba5
Nd4+ 81. Kb7 Kd5 82. Bc7 Ne6 83. Bb8 Ke4 84. Bxg3 Bxg3 85. Kc6 Ke5 86. Kb5 Kd5
87. Kb4 Nc5 88. Kb5 Ne4 89. Kb4 Bd6+ 90. Kb3 Bg3 91. Kb4 Nd6 92. Kc3 Ke4 93. Kd2
Nb5 94. Kc2 Kd4 95. Kb3 Nc3 96. Kb4 Bd6+ 97. Kb3 Bf8 98. g4 Be7 99. Kc2 Kc4 100.
Kd2 Bg5+ 101. Ke1 Kd3 102. Kf2 Ke4 103. Kg2 Ke3 104. Kg3 Ne4+ 105. Kg2 Ke2 106.
Kg1 Nf6 107. Kg2 Nd5 108. Kg1 Ne3 109. Kh2 Kf2 110. Kh3 Nd5 111. Kh2 Nf4 112.
Kh1 Ng6 113. Kh2 Bf4+ 114. Kh1 Kf1 115. g5 Ne5 0-1

[Event "London Classic Open 2017"]
[Site "London ENG"]
[Date "2017.12.09"]
[Round "9.5"]
[White "Hector, Jonny"]
[Black "Grandelius, Nils"]
[Result "0-1"]
[WhiteTitle "GM"]
[BlackTitle "GM"]
[WhiteElo "2493"]
[BlackElo "2647"]
[WhiteFideId "1700090"]
[BlackFideId "1710400"]
[EventDate "2017.12.02"]

1. e4 c5 2. Nf3 e6 3. d4 cxd4 4. Nxd4 a6 5. Nc3 d6 6. g4 b5 7. Bg2 Bb7 8. O-O h6
9. Re1 Ne7 10. a4 b4 11. Nce2 Nec6 12. c3 bxc3 13. Qb3 Qc8 14. bxc3 Be7 15. Rb1
Nd8 16. Ba3 Nd7 17. Ng3 O-O 18. c4 Re8 19. h4 Ne5 20. g5 hxg5 21. hxg5 Qxc4 22.
Qxc4 Nxc4 23. Bc1 g6 24. f4 e5 25. Bf1 Rc8 26. Nb3 exf4 27. Bxf4 Ne6 28. Bc1 Ne5
29. Be2 Nxg5 30. Bxg5 Bxg5 31. Na5 Ba8 32. Bxa6 Nf3+ 33. Kf1 Nxe1 34. Bxc8 Rxc8
35. Kxe1 Bh4 0-1

[Event "London Classic Open 2017"]
[Site "London ENG"]
[Date "2017.12.09"]
[Round "9.6"]
[White "Cornette, Matthieu"]
[Black "Cawdery, Daniel"]
[Result "1-0"]
[WhiteTitle "GM"]
[BlackTitle "IM"]
[WhiteElo "2606"]
[BlackElo "2447"]
[WhiteFideId "620084"]
[BlackFideId "14300249"]
[EventDate "2017.12.02"]

1. Nf3 c5 2. c4 g6 3. Nc3 Bg7 4. g3 Nc6 5. Bg2 d6 6. O-O a6 7. a3 Rb8 8. b4 Nf6
9. bxc5 dxc5 10. Rb1 O-O 11. d3 Nd7 12. Ne4 b6 13. Bb2 e5 14. Nd6 Qc7 15. Nxc8
Rfxc8 16. Ng5 h6 17. Ne4 Ne7 18. Qa4 b5 19. Qxa6 Rb6 20. Qa5 Nc6 21. Qd2 bxc4
22. dxc4 Rcb8 23. Nc3 Nf6 24. Na4 1-0

[Event "London Classic Open 2017"]
[Site "London ENG"]
[Date "2017.12.09"]
[Round "9.7"]
[White "Kotronias, Vasilios"]
[Black "Munguntuul, Batkhuyag"]
[Result "1-0"]
[WhiteTitle "GM"]
[BlackTitle "IM"]
[WhiteElo "2524"]
[BlackElo "2397"]
[WhiteFideId "5900212"]
[BlackFideId "4900758"]
[EventDate "2017.12.02"]

1. e4 c5 2. Nf3 e6 3. d4 cxd4 4. Nxd4 Nc6 5. Nc3 Qc7 6. Be3 a6 7. Qf3 Nf6 8.
O-O-O Bb4 9. Nxc6 bxc6 10. Bd4 Be7 11. e5 Nd5 12. Ne4 c5 13. Nd6+ Bxd6 14. exd6
Qxd6 15. Bxg7 Rg8 16. Bh6 Rb8 17. Bc4 Bb7 18. Bxd5 Bxd5 19. Qc3 Ke7 20. Be3 c4
21. Rhg1 f6 22. g4 Qe5 23. Qa3+ Kf7 24. f4 Qe4 25. Qc3 Rg6 26. h4 Rbg8 27. g5
Qf5 28. h5 R6g7 29. Rgf1 h6 30. Rxd5 exd5 31. g6+ Ke8 32. Re1 d6 33. Qb4 Qc8 34.
Qxd6 Re7 35. Qxd5 Rgg7 36. a4 Re6 37. f5 Re5 38. Bd2 Rge7 39. Rxe5 Rxe5 40. Qf7+
Kd8 41. Qxf6+ 1-0

[Event "London Classic Open 2017"]
[Site "London ENG"]
[Date "2017.12.09"]
[Round "9.8"]
[White "Gumularz, Szymon"]
[Black "Nihal, Sarin"]
[Result "1/2-1/2"]
[WhiteTitle "FM"]
[BlackTitle "IM"]
[WhiteElo "2376"]
[BlackElo "2507"]
[WhiteFideId "1188062"]
[BlackFideId "25092340"]
[EventDate "2017.12.02"]

1. c4 e5 2. g3 Nf6 3. Bg2 d5 4. cxd5 Nxd5 5. Nc3 Nb6 6. e3 Nc6 7. Nge2 Be7 8.
O-O O-O 9. f4 Nb4 10. fxe5 Nd3 11. Nf4 Nxe5 12. d4 Ng6 13. Nd3 c6 14. b3 a5 15.
a4 Be6 16. Ba3 Bxa3 17. Rxa3 Qe7 18. Ra1 Rad8 19. Qc2 Nd5 20. Nxd5 Bxd5 21. Rae1
Bxg2 22. Qxg2 Rfe8 23. Qd2 Rd5 24. Qc3 h5 25. e4 Rdd8 26. Rf5 Qd6 27. d5 cxd5
28. Rxd5 Qb6+ 29. Nf2 Rxd5 30. exd5 Rd8 31. Qf3 h4 32. Kg2 Qc5 33. Rd1 Ne5 34.
Qe4 hxg3 35. hxg3 f6 36. d6 Rxd6 37. Rxd6 Qxd6 38. Qxb7 Qc6+ 39. Qxc6 Nxc6 40.
Kf3 Kf7 41. Ke4 Ke6 42. g4 g6 43. Nd3 f5+ 44. gxf5+ gxf5+ 45. Kf4 Kd5 46. Kxf5 1/2-1/2

[Event "London Classic Open 2017"]
[Site "London ENG"]
[Date "2017.12.09"]
[Round "9.9"]
[White "Raja, Harshit"]
[Black "Jones, Gawain C B"]
[Result "0-1"]
[WhiteTitle "IM"]
[BlackTitle "GM"]
[WhiteElo "2420"]
[BlackElo "2654"]
[WhiteFideId "5089000"]
[BlackFideId "409561"]
[EventDate "2017.12.02"]

1. e4 d6 2. d4 Nf6 3. Nc3 g6 4. Nf3 Bg7 5. Be2 O-O 6. O-O e6 7. e5 dxe5 8. Nxe5
Qe7 9. Bg5 h6 10. Be3 Rd8 11. Qc1 Kh7 12. Bf3 Nbd7 13. Nxd7 Nxd7 14. a4 Nb6 15.
a5 Nc4 16. a6 Rb8 17. Nb5 bxa6 18. Nxa7 Bd7 19. Rxa6 Rxb2 20. Nc6 Bxc6 21. Rxc6
Nxe3 22. fxe3 Rdb8 23. Qd2 e5 24. Qd3 Rb1 25. Bd1 Ra1 26. d5 e4 27. d6 cxd6 28.
Qxd6 Qa7 29. Qc5 Qxc5 30. Rxc5 f5 31. Rd5 h5 32. g3 Bh6 33. Rd7+ Kh8 34. Kf2 Ra3
35. Re1 Rc8 36. Rd6 Kg7 37. Rd7+ Kf6 38. Rd6+ Kf7 39. Rd7+ Ke6 40. Rb7 Rcc3 41.
Rb6+ Kf7 42. Rb7+ Ke8 43. Rb3 Kd7 44. h3 Bg5 45. Re2 Ke6 46. Rb6+ Kf7 47. Rb7+
Kf8 48. Rb3 Be7 49. Rxa3 Bxa3 50. g4 Bc5 51. gxf5 gxf5 52. Kg3 Bxe3 53. Kh4 Kf7
54. Rg2 Kf6 55. Bxh5 Bc5 56. Bd1 Be7 0-1

[Event "London Classic Open 2017"]
[Site "London ENG"]
[Date "2017.12.09"]
[Round "9.10"]
[White "Moussard, Jules"]
[Black "Ladron De Guevara Pinto, Paolo"]
[Result "1/2-1/2"]
[WhiteTitle "GM"]
[BlackTitle "IM"]
[WhiteElo "2576"]
[BlackElo "2422"]
[WhiteFideId "642908"]
[BlackFideId "2290847"]
[EventDate "2017.12.02"]

1. Nf3 Nf6 2. d4 d5 3. c3 e6 4. Bf4 c5 5. e3 Nc6 6. Nbd2 cxd4 7. exd4 Nh5 8. Bg5
f6 9. Be3 Bd6 10. g3 g6 11. Bg2 O-O 12. O-O Ng7 13. Re1 Nf5 14. Nf1 b5 15. Qe2
Rb8 16. N1d2 Bd7 17. Nb3 b4 18. c4 dxc4 19. Qxc4 Na5 20. Qa6 Nxb3 21. axb3 Rf7
22. Qxa7 Bc6 23. Qa6 Nxe3 24. fxe3 Bb5 25. Qa5 Qf8 26. Nd2 Bc7 27. Qa2 Kg7 28.
Qb1 h5 29. Nf3 g5 30. d5 e5 31. Bf1 Bd7 32. Ra6 Qh8 33. Bc4 Bb6 34. Qe4 Qh6 35.
Kg2 Re7 36. Nd4 h4 37. gxh4 g4 38. Nf5+ Bxf5 39. Qxf5 Qxh4 40. Qf2 Qxf2+ 41.
Kxf2 f5 42. Kg2 Kf6 43. Bb5 Kg5 44. d6 Re6 45. d7 Rd6 46. h3 Rd2+ 47. Re2 gxh3+
48. Kxh3 Rh8+ 49. Kg2 Rxe2+ 50. Bxe2 Bxe3 51. Re6 Rd8 52. Rxe5 Kf4 53. Rd5 Rg8+
54. Kh1 Rh8+ 55. Kg2 Rg8+ 56. Kh1 Rh8+ 57. Kg2 Rg8+ 1/2-1/2

[Event "London Classic Open 2017"]
[Site "London ENG"]
[Date "2017.12.09"]
[Round "9.11"]
[White "Le Roux, Jean-Pierre"]
[Black "Henderson de La Fuente, Lance"]
[Result "1/2-1/2"]
[WhiteTitle "GM"]
[WhiteElo "2560"]
[BlackElo "2419"]
[WhiteFideId "609404"]
[BlackFideId "32096585"]
[EventDate "2017.12.02"]

1. Nf3 Nf6 2. g3 b6 3. Bg2 Bb7 4. O-O g6 5. d3 d5 6. c4 Bg7 7. cxd5 Nxd5 8. e4
Nf6 9. e5 Nd5 10. e6 f6 11. Qa4+ c6 12. h4 O-O 13. h5 gxh5 14. Qh4 Na6 15. Qxh5
Qe8 16. Qf5 Qg6 17. Nh4 Qxf5 18. Nxf5 Nc5 19. Nc3 Rfe8 20. d4 Nxe6 21. Nxd5 cxd5
22. Re1 Ng5 23. Rxe7 Rxe7 24. Nxe7+ Kf7 25. Nxd5 Rd8 26. Nc3 Bxg2 27. Kxg2 Rxd4
28. Be3 Rd7 29. a4 Bf8 30. a5 Bc5 31. Bxc5 bxc5 32. a6 Ne6 33. Ra5 Ke7 34. b4
cxb4 35. Nd5+ Kd6 36. Nxb4 Nc5 37. Kf3 Re7 38. Rb5 1/2-1/2

[Event "London Classic Open 2017"]
[Site "London ENG"]
[Date "2017.12.09"]
[Round "9.12"]
[White "Arkell, Keith C"]
[Black "Mikhalevski, Victor"]
[Result "1/2-1/2"]
[WhiteTitle "GM"]
[BlackTitle "GM"]
[WhiteElo "2416"]
[BlackElo "2545"]
[WhiteFideId "400270"]
[BlackFideId "2801914"]
[EventDate "2017.12.02"]

1. d4 Nf6 2. Nf3 e6 3. c3 c5 4. Bg5 d5 5. e3 Nbd7 6. Nbd2 Bd6 7. Bd3 O-O 8. O-O
h6 9. Bh4 b6 10. Qe2 Bb7 11. e4 dxe4 12. Nxe4 Be7 13. Bxf6 Nxf6 14. Nxf6+ Bxf6
15. dxc5 bxc5 16. Be4 Bxe4 17. Qxe4 Qb6 18. Rab1 Rad8 19. Qe2 Rd5 20. Rfd1 Rfd8
21. Rxd5 Rxd5 22. Rc1 g5 23. h3 Qd6 24. g3 Rd3 25. Qe4 Qd5 26. Qxd5 exd5 27. Kg2
h5 28. Rc2 c4 29. g4 hxg4 30. hxg4 Kf8 31. Re2 Rd1 32. Re1 Rxe1 1/2-1/2

[Event "London Classic Open 2017"]
[Site "London ENG"]
[Date "2017.12.09"]
[Round "9.13"]
[White "Vishnu Prasanna, V"]
[Black "Sundararajan, Kidambi"]
[Result "1-0"]
[WhiteTitle "GM"]
[BlackTitle "GM"]
[WhiteElo "2536"]
[BlackElo "2419"]
[WhiteFideId "5030692"]
[BlackFideId "5005370"]
[EventDate "2017.12.02"]

1. e4 c5 2. Nf3 Nc6 3. b4 cxb4 4. d4 d6 5. d5 Nb8 6. Qd4 e5 7. dxe6 Bxe6 8. Qxb4
Qd7 9. Nc3 Nc6 10. Qb2 Nf6 11. Rb1 Be7 12. Qxb7 O-O 13. Qxd7 Bxd7 14. Ba6 d5 15.
e5 Bb4 16. Bd2 Bxc3 17. Bxc3 Ne4 18. Ba1 Rab8 19. O-O Nb4 20. Bd3 Nc5 21. Bd4
Nbxd3 22. cxd3 Nxd3 23. Bxa7 Ra8 24. Rb7 Bg4 25. Nd4 Nxe5 26. a4 Bc8 27. Re7 Ba6
28. Rb1 Rfe8 29. Rxe8+ Rxe8 30. h3 Nc4 31. Nb5 Bxb5 32. axb5 Re7 33. Bc5 Rb7 34.
f4 f6 35. b6 Kf7 36. Ra1 Rb8 37. Ra7+ Kg6 38. g4 Nxb6 39. f5+ Kh6 40. Be3+ g5
41. Bd4 Nd7 42. Rxd7 Rb1+ 43. Kg2 Rg1+ 44. Bxg1 1-0

[Event "London Classic Open 2017"]
[Site "London ENG"]
[Date "2017.12.09"]
[Round "9.14"]
[White "Houska, Jovanka"]
[Black "Handke, Florian"]
[Result "0-1"]
[WhiteTitle "IM"]
[BlackTitle "GM"]
[WhiteElo "2407"]
[BlackElo "2526"]
[WhiteFideId "405094"]
[BlackFideId "4634527"]
[EventDate "2017.12.02"]

1. d4 Nf6 2. Nf3 g6 3. g3 Bg7 4. Bg2 d5 5. O-O O-O 6. c3 b6 7. c4 Bb7 8. Ne5 e6
9. Nc3 Nbd7 10. Bg5 h6 11. Nxd7 Qxd7 12. Bxf6 Bxf6 13. cxd5 exd5 14. Rc1 Rfd8
15. e3 Be7 16. Qb3 c5 17. dxc5 Bxc5 18. Rfd1 d4 19. Ne4 Qe7 20. Nxc5 Bxg2 21.
Kxg2 bxc5 22. exd4 Rab8 23. Qf3 cxd4 24. b3 Rb5 25. Rc4 Rf5 26. Qd3 Qb7+ 27. f3
Re8 28. Qxd4 Qxf3+ 29. Kg1 Kh7 30. Rc3 Qe2 31. Rc7 h5 32. Rd7 Qxa2 33. Qxa7 Qxb3
34. Qd4 Qa2 35. Qd2 Qa6 36. Qd3 Qf6 37. Qd4 Qg5 38. Qd2 Qg4 39. Rd4 Qf3 40. Rd3
Qc6 41. Rd7 Re6 42. Rd8 Re4 43. Rd4 Qc5 44. Kg2 Re8 45. Qa2 Qc6+ 46. Kg1 Qf3 47.
R4d3 Qg4 48. Rd4 Re2 49. R4d2 Re8 50. Rd4 Re1+ 51. Rxe1 Qxd4+ 52. Kg2 h4 53. Qe2
h3+ 54. Kxh3 Rf2 55. Rd1 Qc5 56. Qg4 Qc2 57. Qh4+ Kg7 58. Qd4+ f6 59. Qa7+ Kh6
60. Qe3+ g5 61. Qd3 Rxh2+ 62. Kg4 Qc8+ 63. Qd7 Qc4+ 0-1

[Event "London Classic Open 2017"]
[Site "London ENG"]
[Date "2017.12.09"]
[Round "9.15"]
[White "Stany, G.A."]
[Black "Martins, David Pires Tavares"]
[Result "1-0"]
[WhiteTitle "IM"]
[BlackTitle "IM"]
[WhiteElo "2502"]
[BlackElo "2400"]
[WhiteFideId "5029104"]
[BlackFideId "1909991"]
[EventDate "2017.12.02"]

1. e4 e6 2. d4 d5 3. Nd2 Be7 4. Bd3 c5 5. dxc5 Nf6 6. Qe2 O-O 7. Ngf3 a5 8. O-O
Na6 9. e5 Nd7 10. c4 Naxc5 11. Bc2 Qc7 12. Rd1 b6 13. cxd5 exd5 14. Nb1 Ba6 15.
Qe3 Ne4 16. Nc3 Nxc3 17. bxc3 Rfe8 18. e6 Bf6 19. exf7+ Kxf7 20. Ng5+ Bxg5 21.
Qxg5 Nf6 22. Bf4 Qe7 23. Be3 Rac8 24. Bxb6 Rxc3 25. Ba4 Rf8 26. Bd4 h6 27. Qf5
Bc8 28. Qf4 Qc7 29. Be5 Qc4 30. Qd2 Ne4 31. Qb2 Kg8 32. Rd4 Rxf2 33. Rxc4 Rxc4
34. Qb5 Rd2 35. Qe8+ Kh7 36. Bb3 Bh3 37. gxh3 Ng5 38. Bxc4 1-0

[Event "London Classic Open 2017"]
[Site "London ENG"]
[Date "2017.12.09"]
[Round "9.16"]
[White "Zujev, Oleg"]
[Black "Fernandez, Daniel Howard"]
[Result "1/2-1/2"]
[BlackTitle "GM"]
[WhiteElo "2381"]
[BlackElo "2500"]
[WhiteFideId "12801585"]
[BlackFideId "5801605"]
[EventDate "2017.12.02"]

1. d4 e6 2. c4 Bb4+ 3. Bd2 Qe7 4. e4 Nf6 5. Bd3 Bxd2+ 6. Qxd2 O-O 7. Nf3 d6 8.
e5 Nfd7 9. O-O dxe5 10. dxe5 Rd8 11. Qf4 Nf8 12. Rd1 Ng6 13. Qe3 Qb4 14. Nc3 Nd7
15. Nb5 Qa5 16. a3 Qb6 17. Bxg6 Qxe3 18. Bxf7+ Kxf7 19. fxe3 c6 20. Nc7 Rb8 21.
Ng5+ Ke7 22. Ncxe6 Rh8 23. Nf4 Nxe5 24. Rd4 Bf5 25. e4 Bg4 26. h3 h6 27. hxg4
hxg5 28. Nd3 Nxg4 29. e5 Ne3 30. Re4 Nf5 31. Rg4 Rh5 32. Nc5 b6 33. Na6 Rbh8 34.
Kf2 c5 35. b4 Rf8 36. Kg1 Rfh8 37. Kf2 Rf8 38. Kg1 Nd4 39. Ra2 Rf4 40. Rxf4 gxf4
41. bxc5 bxc5 42. Nxc5 Rxe5 43. Nd3 Re4 44. Rb2 g5 45. Rb7+ Kf6 46. Rxa7 Ne2+
47. Kf2 Ng3 48. Ra6+ Kf5 49. Ra5+ Kf6 50. Ra6+ Kf7 51. Rd6 Re3 52. Rd4 Ke6 53.
Nxf4+ gxf4 54. Rxf4 Rxa3 55. Rf3 Ne4+ 56. Ke2 Ra2+ 57. Ke3 Ke5 58. Rf8 Ra3+ 59.
Ke2 Kd4 60. Rd8+ Kxc4 61. Rc8+ Kd5 62. Rd8+ Ke5 63. Re8+ Kf4 64. Rf8+ Kg4 65.
Rg8+ Ng5 66. Kf2 Ra1 67. Ke2 Kf4 68. Rf8+ Kg3 69. Rg8 Ra2+ 70. Ke3 Ra5 71. Rg6
Rf5 72. Rg8 Kxg2 73. Rg6 Kg3 74. Rg8 Kg4 75. Rg6 Rf8 76. Ra6 Re8+ 77. Kd3 Kf4
78. Rf6+ Ke5 79. Ra6 Ne4 80. Ra5+ Kf4 81. Ra4 Rd8+ 82. Rd4 Re8 83. Ra4 Kf3 84.
Kd4 Nd6 85. Kd5 Nf5 86. Rb4 Ne3+ 87. Kd6 Ra8 88. Ke5 Ra5+ 89. Ke6 Nf5 90. Rb3+
Ke4 91. Rb4+ Nd4+ 92. Kf6 Ra1 93. Rc4 Rf1+ 94. Kg5 Ra1 95. Kf6 Kd5 96. Rc8 Nc6
97. Re8 Rf1+ 98. Kg5 Ne5 99. Ra8 Nf7+ 100. Kg4 Ne5+ 101. Kg5 Nc6 102. Re8 Nd4
103. Ra8 Ke5 104. Ra5+ Ke4 105. Ra4 Rf5+ 106. Kg6 Rd5 107. Kf6 Kf4 108. Rc4 Rd7
109. Ra4 Ke4 110. Rc4 Rd6+ 111. Ke7 Ra6 112. Kf7 Ke5 113. Rc5+ Kd6 114. Rc1 Nf3
115. Kf6 Kd5+ 116. Kf5 Nd4+ 117. Kg5 Rc6 1/2-1/2